| 000 | 01259nac a22002891i 4500 | ||
|---|---|---|---|
| 003 | EG-ScBUE | ||
| 005 | 20231127150246.0 | ||
| 008 | 100811s1963 ua b f 000 0 ara d | ||
| 040 |
_aEG-ScBUE _bara _erda _cEG-ScBUE _dEG-ScBUE |
||
| 041 | 1 |
_aara _heng |
|
| 082 | 0 | 4 |
_a932.021 _bت و ي _222 |
| 100 | 1 |
_aتوينبي، أرنولد، _d1889-1975، _eمؤلف. |
|
| 240 | 1 | 0 |
_aHellenism, the history of a civilization. _lArabic |
| 245 | 1 | 0 |
_aتاريخ الحضارة الهلينية / _cتأليف أرنولد توينبي ؛ ترجمة رمزى جرجس، راجعه الدكتور صقر خفاجة. |
| 264 | 1 |
_aالقاهرة : _bمكتبة الأنجلو المصرية، _c1963. |
|
| 300 |
_a310 صفحة : _bخرائط ؛ _c24 سم. |
||
| 336 |
_2rdacontent _aنص _btxt |
||
| 337 |
_aبدون وسيط _2rdamedia _bn |
||
| 338 |
_aمجلد _bnc _2rdacarrier |
||
| 490 | 0 |
_aالألف كتاب ؛ _v458 |
|
| 546 | _aالنص باللغة العربية وتم ترجمته من اللغة الإنجليزية. | ||
| 650 | 7 |
_aالحضارة الهللينستية. _2BUEsh |
|
| 655 | _vReading book | ||
| 700 | 1 |
_aجرجس، رمزي عبده، _eمترجم. |
|
| 700 | 1 |
_aخفاجة، محمد صقر، _eمراجع. |
|
| 942 |
_cBB _2ddc |
||
| 999 |
_c7808 _d7808 |
||